Les joueurs du PSG en Ligue des Champions 2013/14. - Statistiques

Statistiques générales
  • Ce quiz a été pris 20 fois
  • Le résultat moyen est 16 sur 21
Statistiques - réponses
Pays Ages Joueurs Minutes G+A Notes % Correct
Uruguay 26 Edinson Cavani 685 4 7.04
100%
Italie 26 Salvatore Sirigu 900 0 7.18
95%
Brésil 28 Thiago Silva 568 0 7.23
95%
Suède 31 Zlatan Ibrahimovic 668 10 7.86
95%
France 26 Blaise Matuidi 696 4 7.09
89%
France 29 Christophe Jallet 270 0 6.77
89%
Italie 20 Marco Verratti 580 1 7.13
89%
Brésil 19 Marquinhos 530 4 7.51
89%
Brésil 31 Alex 584 0 7.04
84%
Argentine 28 Ezequiel Lavezzi 636 6 7.07
84%
Pays-Bas 25 Gregory Van Der Wiel 540 4 7.40
84%
Argentine 24 Javier Pastore 231 1 7.02
84%
Brésil 20 Lucas 494 1 6.91
84%
Brésil 31 Maxwell 720 1 6.93
79%
Italie 30 Thiago Motta 780 5 7.68
79%
France 18 Adrien Rabiot 281 0 6.82
58%
France 27 Yohan Cabaye 166 2 7.33
58%
France 26 Jérémy Ménez 124 1 7.10
53%
France 34 Zoumana Camara 141 0 7.03
53%
France 19 Lucas Digne 180 1 6.85
47%
Mali 22 Kalifa Traoré 90 0 7.30
5%
Aucun quiz correspondant
Distribution des résultats
% des personnes avec chaque résultat
Percentile par nombre de réponses
Votre historique - résultats
Vous n’avez pas pris ce quiz